000 00281nam a22001217a 4500
008 180301b xxu||||| |||| 00| 0 eng d
041 _aeng
080 _a710
100 _a45
101 _aART
245 _aGREAT ART AND ARTSIT OF THE WORLD
_cVEY.H
942 _2udc
_cBK
999 _c43898
_d43898